书目信息 |
| 题名: |
早慧的神童
|
|
| 作者: | 张倩苇 编著 | |
| 分册: | ||
| 出版信息: | 广州 广州出版社 1997 |
|
| 页数: | 119页 | |
| 开本: | 19cm | |
| 丛书名: | 百科世界丛书 | |
| 单 册: | ||
| 中图分类: | K812 | |
| 科图分类: | 26.11 | |
| 主题词: | 早慧儿童--生平事迹--世界--青年读物 | |
| 电子资源: | ||
| ISBN: | 7-80592-708-1 | |
| 000 | 00736nam2 2200277 450 | |
| 001 | 073000001930 | |
| 005 | 20091029154248.69 | |
| 009 | 0198055271 | |
| 010 | @a7-80592-708-1@dCNY8.15 | |
| 100 | @a20040224d am y0chiy0121 ea | |
| 101 | 0 | @achi |
| 102 | @aCN@b440000 | |
| 105 | @ay z 000yd | |
| 200 | 10 | @a早慧的神童@Azao hui de shen tong@f张倩苇编著 |
| 210 | @a广州@c广州出版社@d1997 | |
| 215 | @a119页@d19cm | |
| 225 | 2 | @a百科世界丛书 |
| 300 | 2 | @a@h第四辑@v79 |
| 410 | 0 | @120010@a百科世界丛书 |
| 606 | @a早慧儿童@x生平事迹@y世界@x青年读物 | |
| 690 | @aK812@v3 | |
| 692 | @a26.11@v2 | |
| 701 | 0 | @a张倩苇@Azhang qian wei@4编著 |
| 801 | 2 | @aCN@bHX@c20091029 |
| 905 | @aBZT@dK812@e3 | |
| 906 | @dCNY92(全辑)@n0@r1 | |
| 早慧的神童/张倩苇编著.-广州:广州出版社,1997 |
| 119页;19cm.-(百科世界丛书) |
| ISBN 7-80592-708-1:CNY8.15 |
| ● |
| 相关链接 |
|
|
|
正题名:早慧的神童
索取号:K812/3
 
预约/预借
| 序号 | 登录号 | 条形码 | 馆藏地/架位号 | 状态 | 备注 |
| 1 | 420874 | 210496060 | 中心书库南/019架A面4层1列/ [索取号:K812/3] | 在馆 | |
| 2 | 420875 | 210496051 | 中心书库南/019架A面4层1列/ [索取号:K812/3] | 在馆 | |
| 3 | 420876 | 210496042 | 中心书库南/019架A面4层1列/ [索取号:K812/3] | 在馆 | |
| 4 | 420877 | 210496033 | 中心书库南/019架A面4层1列/ [索取号:K812/3] | 在馆 | |
| 5 | 420878 | 210496024 | 中心书库南/019架A面4层1列/ [索取号:K812/3] | 在馆 | |
| 6 | 420879 | 210496015 | 中心书库南/019架A面4层1列/ [索取号:K812/3] | 在馆 | |
| 7 | 420880 | 210496006 | 中心书库南/019架A面4层1列/ [索取号:K812/3] | 在馆 | |
| 8 | 420881 | 210495999 | 中心书库南/019架A面4层1列/ [索取号:K812/3] | 在馆 | |
| 9 | 420882 | 210495980 | 中心书库南/019架A面4层1列/ [索取号:K812/3] | 在馆 | |
| 10 | 420883 | 210495971 | 中心书库南/019架A面4层1列/ [索取号:K812/3] | 在馆 |